000 00512nam a2200205Ia 4500
003 OSt
005 20220930072946.0
006 a|||||r|||| 00| 0
007 ta
008 220926b |||||||| |||| 00| 0 eng d
024 _a25751
037 _cTheses
040 _aCRL
_cCRL
_beng
041 _2eng
_aeng
245 0 _aEffect of Tamoxifen, a non steroidal antiestrogen in regulation of fertility in female rats.
260 _c1998
650 _aZOOLOGY
942 _cDIS
_2CC
999 _c864494
_d864494